000 00602cam a22002294a 4500
005 20250605164317.0
008 250528s ||||||||||||||||||||||||d
035 _a22751
020 _a9780761924692
040 _aGR-AtMCL
_bgre
_dGR-AtMCL
_eAACR2
245 1 _aHANDBOOK OF GROUP COUNSELING AND PSYCHOTHERAPY
250 _a1
260 _bSage Publications,
_c2004
300 _a663
700 1 _aDelucia-Waack Janice L
_9149
700 1 _aGerrity Deborah A
_9150
700 1 _aKalodner Cynthia R
_9151
700 1 _aRiva Maria T
_9152
942 _cBK
999 _c7796
_d7796